[Event "AUTO-OPEN-727"]
[Site "http://www.queenalice.com/game.php?id=235221"]
[Date "2007.7.5"]
[Round "1"]
[White "meringue7"]
[Black "li2carpio"]
[Result "0-1"]
[WhiteElo "1355"]
[BlackElo "1477"]

1. e4 c5 2. Bc4 d6 3. Qf3 Nf6 4. d3 h6 5. Ne2 e6 6. Nbc3 Nc6 7. Be3 a6 8. a4 Be7
9. O-O Bd7 10. Nf4 Qc7 11. h3 O-O-O 12. b3 g5 13. Nh5 Nxh5 14. Qxh5 Rdf8 15. f4
Nb4 16. Rf2 Bf6 17. e5 dxe5 0-1

[Event "AUTO-OPEN-727"]
[Site "http://www.queenalice.com/game.php?id=235222"]
[Date "2007.7.5"]
[Round "1"]
[White "li2carpio"]
[Black "meringue7"]
[Result "1-0"]
[WhiteElo "1465"]
[BlackElo "1367"]

1. e4 e5 2. Bc4 Nf6 3. d3 Bc5 4. h3 O-O 5. Nf3 d6 6. Be3 Bxe3 7. fxe3 Be6 8.
Nbd2 Nc6 9. O-O a6 10. d4 g6 11. d5 Bxd5 12. exd5 Ne7 13. e4 c6 14. dxc6 Nxc6
15. Qe1 Qb6+ 16. Kh1 Qxb2 17. Bb3 1-0

[Event "AUTO-INT-517"]
[Site "http://www.queenalice.com/game.php?id=235298"]
[Date "2007.7.6"]
[Round "1"]
[White "uri65"]
[Black "meringue7"]
[Result "1-0"]
[WhiteElo "1665"]
[BlackElo "1550"]

1. e4 e5 2. Nc3 Nf6 3. f4 Bc5 4. fxe5 Ng4 5. Qxg4 d5 6. Qxg7 Rf8 7. exd5 Nd7 8.
Bb5 a6 9. Bxd7+ Bxd7 10. Nf3 Qe7 11. d4 Bb6 12. Bg5 Qb4 13. O-O Qxb2 14. Qf6 Qb4
15. Rab1 Qa3 16. Rb3 Bc5 17. dxc5 Qxc5+ 18. Kh1 h6 19. Bxh6 Rg8 20. Ng5 Qe7 21.
Qxe7+ Kxe7 22. Rxf7+ Ke8 23. Rxb7 Rc8 24. Nce4 Bb5 25. Rbxc7 Rxc7 26. Rxc7 Kd8
27. Ne6+ 1-0

[Event "AUTO-INT-517"]
[Site "http://www.queenalice.com/game.php?id=235299"]
[Date "2007.7.6"]
[Round "1"]
[White "meringue7"]
[Black "uri65"]
[Result "0-1"]
[WhiteElo "1424"]
[BlackElo "1715"]

1. e4 c5 2. Bc4 d6 3. Qf3 Nf6 4. d3 g6 5. Bg5 Bg7 6. c3 O-O 7. Ne2 Nc6 8. O-O
Ne5 9. Qf4 Nxc4 10. dxc4 Qb6 11. b3 Bg4 12. f3 Be6 13. Qg3 Qc6 14. Nf4 b5 15.
Nd2 bxc4 16. Nxe6 fxe6 17. Nxc4 Rad8 18. Na5 Qa6 19. Nc4 Rd7 20. Rfd1 Nh5 21.
Qg4 Kf7 22. f4 Bxc3 23. Rab1 Qxa2 24. Ne3 Bf6 0-1

[Event "AUTO-INT-517"]
[Site "http://www.queenalice.com/game.php?id=235318"]
[Date "2007.7.6"]
[Round "1"]
[White "meringue7"]
[Black "Danado"]
[Result "0-1"]
[WhiteElo "1482"]
[BlackElo "1475"]

1. e4 e5 2. Nf3 Nc6 3. Bc4 Nf6 4. d3 d5 5. exd5 Nxd5 6. Bg5 f6 7. Bh4 Bg4 8. h3
Bxf3 9. Qxf3 Nb6 10. Bb5 Qd5 11. Bxc6+ Qxc6 12. Qxc6+ bxc6 13. O-O Bd6 14. Nc3
O-O 15. Ne4 Na4 16. Nxd6 cxd6 17. b3 Nc3 0-1

[Event "AUTO-INT-517"]
[Site "http://www.queenalice.com/game.php?id=235319"]
[Date "2007.7.6"]
[Round "1"]
[White "Danado"]
[Black "meringue7"]
[Result "1-0"]
[WhiteElo "1491"]
[BlackElo "1466"]

1. e4 e5 2. d4 exd4 3. Qxd4 Nc6 4. Qe3 b6 5. Bc4 Bc5 6. Qf3 Ne5 7. Qb3 Nh6 8.
Bxh6 gxh6 9. Nf3 Nxc4 10. Qxc4 Qf6 11. c3 a6 12. O-O Qg6 13. Ne5 Qf6 14. Ng4 Qg5
15. e5 Be7 16. h3 c5 17. Qe4 1-0

[Event "AUTO-INT-518"]
[Site "http://www.queenalice.com/game.php?id=235751"]
[Date "2007.7.6"]
[Round "1"]
[White "PedroNRF"]
[Black "meringue7"]
[Result "1-0"]
[WhiteElo "1554"]
[BlackElo "1451"]

1. e4 e5 2. Qf3 Nf6 3. Bc4 Bc5 4. Ne2 d6 5. d3 Nc6 6. Bg5 h6 7. Bxf6 Qxf6 8.
Qxf6 gxf6 9. O-O Bg4 10. Nbc3 Bb4 11. f3 Bh5 12. Ng3 Bg6 13. Nd5 O-O-O 14. Nxf6
Nd4 15. Rf2 1-0

[Event "AUTO-INT-518"]
[Site "http://www.queenalice.com/game.php?id=235752"]
[Date "2007.7.6"]
[Round "1"]
[White "meringue7"]
[Black "PedroNRF"]
[Result "0-1"]
[WhiteElo "1439"]
[BlackElo "1566"]

1. e4 e5 2. Bc4 Nf6 3. d3 d5 4. exd5 Nxd5 5. Qf3 c6 6. Nc3 b5 7. Bxd5 cxd5 8.
Nxd5 Bb7 9. Nf6+ Ke7 10. Bg5 Bxf3 11. Nd5+ Kd6 12. Bxd8 Bxg2 13. Nc7 Kd7 14.
Nxa8 Kxd8 0-1

[Event "AUTO-INT-518"]
[Site "http://www.queenalice.com/game.php?id=235767"]
[Date "2007.7.6"]
[Round "1"]
[White "meringue7"]
[Black "Ayr_United"]
[Result "0-1"]
[WhiteElo "1306"]
[BlackElo "1606"]

1. e4 e5 2. Bc4 Qg5 3. Qf3 Qg6 4. Ne2 Nf6 5. Nbc3 Bb4 6. a3 Bxc3 7. Nxc3 O-O 8.
d3 d6 9. h3 Nh5 10. Nd5 a6 0-1

[Event "AUTO-INT-518"]
[Site "http://www.queenalice.com/game.php?id=235768"]
[Date "2007.7.6"]
[Round "1"]
[White "Ayr_United"]
[Black "meringue7"]
[Result "1-0"]
[WhiteElo "1602"]
[BlackElo "1310"]

1. e4 e5 2. b3 Nf6 3. d3 Bb4+ 4. Bd2 Bxd2+ 5. Qxd2 O-O 6. Nc3 d6 7. O-O-O Nc6 8.
Kb1 a6 9. f4 exf4 10. Qxf4 Bg4 11. Be2 1-0

[Event "AUTO-OPEN-729"]
[Site "http://www.queenalice.com/game.php?id=235851"]
[Date "2007.7.7"]
[Round "1"]
[White "meringue7"]
[Black "Agronopoulus"]
[Result "0-1"]
[WhiteElo "1503"]
[BlackElo "1748"]

1. e4 e5 2. Bc4 Nf6 3. Nc3 Be7 4. d3 O-O 5. Nf3 d6 6. h3 Nbd7 7. Bg5 b6 8. O-O
Bb7 9. a3 Nh5 10. Bxe7 Qxe7 11. Nd5 Bxd5 12. Bxd5 Rac8 13. Qd2 Nf4 0-1

[Event "AUTO-OPEN-729"]
[Site "http://www.queenalice.com/game.php?id=235852"]
[Date "2007.7.7"]
[Round "1"]
[White "Agronopoulus"]
[Black "meringue7"]
[Result "1-0"]
[WhiteElo "1737"]
[BlackElo "1503"]

1. e4 e5 2. Nf3 Nc6 3. Bb5 a6 4. Bxc6 dxc6 5. O-O Bd6 6. d4 exd4 7. Qxd4 f6 8.
Re1 Bg4 9. e5 fxe5 10. Qxg4 g6 11. Nxe5 Ne7 12. Bg5 O-O 13. Qe6+ Kg7 14. Ng4 1-0